| 000 | 01026 a2200241 4500 | ||
|---|---|---|---|
| 003 | dpl | ||
| 005 | 20140915163258.0 | ||
| 008 | 080912t xxu||||| |||| 00| 0 hin d | ||
| 010 | _aHIN-80694 HIN-103602 | ||
| 020 |
_a8171381197 _c200.00 |
||
| 035 | _aHN-53040 HN-75948 | ||
| 037 | _bD.B.Act / pub | ||
| 040 | _cDPL | ||
| 082 | _a070.4 | ||
| 100 | _aभारद्वाज, नंद | ||
| 245 |
_aसंस्कृति, जनसंचार और बाजार _cनंद भारद्वाज |
||
| 246 |
_aSanskriti,Jansanchar aur Bazar _bby Nand Bhardwaj |
||
| 260 |
_aनई दिल्ली _bसामयिक प्रकाशन _c2007 |
||
| 270 |
_a3320-21, जटवाड़ा, नेताजी सुभाष मार्ग दरियागंज _bनई दिल्ली _e110002 |
||
| 300 |
_a208पृ _c22 सेमी (सजिल्द) |
||
| 650 | _aJournalism | ||
| 942 |
_adpl _cHN _k070.4 / भारद्वा _2ddc _h070.4 _m भारद्वा |
||
| 999 |
_c6908 _d6908 |
||